000 01346nam0a2200361 4500
001 RU\NLR\bibl\1690461
005 20250616054303.0
010 _a978-5-89747-018-1
_91000
021 _aRU
_b2010-73058
_94840
035 _a(nilc)LIBNET\0000079261
035 _a(NLR Aleph) 001681580
090 _a1104644
_c1104644
100 _a20101101d2010 |||y0rusy50 ca
101 0 _arus
102 _aRU
105 _ay |||||||||
200 1 _aНовое "дело историков"
_eрусский взгляд на историю
_eсборник статей
_f[сост.: Городнова Е.А.]
210 _aМосква
_cФорум
_d2010
215 _a125, [1] с.
_d21
320 _aБиблиогр. в подстроч. примеч. и в тексте
607 _aРоссия
_xИстория
_xИсториография
_92083334
_3RU\NLR\auth\661259385
607 _aРоссия
_xИстория
_xПреподавание
_91577583
_3RU\NLR\auth\66691989
686 _aТ1(2)74я43
_vLBC/SL
_2rubbk
686 _aТ3(2)г
686 _aЧ426.32
686 _aЧ486.32
702 1 _aГороднова
_bЕ. А.
_4220
801 0 _aRU
_bГПИБ России
_c20101101
_grcr
801 1 _aRU
_bГПИБ России
_c20101101
_grcr
_2rusmarc
801 2 _aRU
_bNLR
_c20101025
_grcr
942 _cBOOK
980 _aNB